000 00381nam a2200157Ia 4500
008 221030s9999 xx 000 0 und d
020 _a8177222775
041 _aEnglish
082 _a105.23
_bGup
100 _aV. Gupta
245 0 _aComdex Information Technolgoy Course Kit
260 _bDreamtech Press
_aNew Delhi
_c2006
300 _a636
650 _aComputers
942 _cBK
999 _c3120
_d3120